Atlas sopiek pre deti objavujte sopky na šiestich rozkladacích mapách

Bibliographic Details
Main Author: Gabzdyl, Pavel, 1974- (Author)
Other Authors: Tůma, Tomáš, 1974- (Illustrator), Haraštová, Mária (prekladateľka) (Translator)
Format: Book
Language:Slovak
Czech
PhysicalDescription:36 nečíslovaných strán na zložených listoch farebné ilustrácie 27 cm 7 doplňujúcich zošitkov (10 cm) vlepených v texte
Published: Praha Albatros [2020]
ISBN:9788000059013
Edition:Prvé vydanie
Subjects:

MARC

LEADER 00000cam a2200000 4500
001 vtls012004349
003 SK-MaSNL
005 20260301104111.0
008 201123s2020 xr a b f 000 0 slo
015 |a SNBZSA2023/04 
020 |a 9788000059013  |q (viazané) 
040 |a SNK  |b slo  |c SNK  |e rda 
041 1 |a slo  |h cze 
043 |a x------ 
044 |a xr  |c CZ 
072 7 |a 551  |x Geológia. Meteorológia. Klimatológia  |2 konspekt 
072 7 |a 0/9-053.2  |x Literatúra pre deti a mládež (náučná)  |2 konspekt 
080 |a 551.21  |2 2011 
080 |a (100)  |2 2011 
080 |a (0.062)  |2 2011 
080 |a (0.053.2)  |2 2011 
080 |a (084.11)  |2 2011 
100 1 |a Gabzdyl, Pavel,  |d 1974-  |4 aut  |9 425175 
245 1 0 |a Atlas sopiek pre deti  |b objavujte sopky na šiestich rozkladacích mapách  |c napísal Pavel Gabzdyl ; ilustroval Tomáš Tůma ; preklad: Mária Haraštová 
250 |a Prvé vydanie 
264 1 |a Praha  |b Albatros  |c [2020] 
264 4 |c ©2020 
300 |a 36 nečíslovaných strán na zložených listoch  |b farebné ilustrácie  |c 27 cm  |e 7 doplňujúcich zošitkov (10 cm) vlepených v texte 
336 |a text  |b txt  |2 rdacontent 
336 |a statický obraz  |b sti  |2 rdacontent 
337 |a bez média  |b n  |2 rdamedia 
338 |a zväzok  |b nc  |2 rdacarrier 
500 |a Názov z obálky 
500 |a Pre nakladateľstvo Albatros v Prahe, v spoločnosti Albatros Media, a.s. ... pripravilo nakladateľstvo B4U Publishing 
500 |a Preložené z češtiny 
521 8 |a Pre čitateľov od 6 rokov 
650 0 7 |a sopky  |z krajiny sveta  |2 SNKPH  |9 442301 
650 0 7 |a sopečná činnosť  |2 SNKPH  |9 69713 
650 0 7 |a Volcanoes  |z countries of the world  |2 SNKPHeng  |9 442302 
650 0 7 |a Volcanic activity  |2 SNKPHeng  |9 382465 
655 7 |a populárno-náučné publikácie  |2 SNKPH  |9 70460 
655 7 |a publikácie pre deti  |2 SNKPH  |9 70148 
655 7 |a Popular works  |2 SNKPHeng  |9 90287 
655 7 |a Publications for children  |2 SNKPHEng  |9 276792 
655 7 |a obrazové publikácie  |2 SNKPH  |9 70343 
655 7 |a Pictorial works  |2 SNKPHeng  |9 284468 
700 1 |a Tůma, Tomáš,  |d 1974-  |4 ill  |9 103841 
700 1 |a Haraštová, Mária  |c (prekladateľka)  |4 trl  |9 125985 
919 |a 978-80-00-05901-3 
954 |a ilustrované knihy, leporelá, komiksy cudzojazyčné (svetové)  |2 lita 
958 |a ZS 
958 |a DB 
968 |b ČES 
999 |c 697249  |d 699179 
952 |a SNK  |b SNK  |y PREZ  |7 0  |p 17A1526138  |o snkSB 98935  |i snk2023/5053  |8 4  |g 12.69  |0 0  |1 0  |4 0  |d 2022-02-15  |l 0  |r 2025-05-19 00:00:00  |w 2026-02-23